| 000 | 07271namaa22004451i 4500 | ||
|---|---|---|---|
| 003 | EG-GICUC | ||
| 005 | 20260205112528.0 | ||
| 008 | 260125b2025 ua a|||frm||| 000 0 eng d | ||
| 040 |
_aEG-GICUC _beng _cEG-GICUC _dEG-GICUC _erda |
||
| 041 | 0 |
_aeng _beng _bara |
|
| 049 | _aDeposit | ||
| 082 | 0 | 4 | _a615.82 |
| 092 |
_a615.82 _221 |
||
| 097 | _aM.Sc | ||
| 099 | _aCai01.21.07.M.Sc.2025.Em.E | ||
| 100 | 0 |
_aEman Kotb Ali El Shawdfy Badwy, _epreparation. |
|
| 245 | 1 | 0 |
_aEffect of therapeutic exercise on lung cancer related fatigue : _bA systematic review / _cby Eman Kotb Ali El Shawdfy Badwy ; Supervisors Prof. Dr. Khadra Mohammed Ali, Dr. Ahmed Mohammed Abd El–Fatah Amer, Dr.Nada Mohamed yousef. |
| 246 | 1 | 5 |
_aتأثير التمارين العلاجية على الإجهاد المرتبط بسرطان الرئة : _bدراسة منهجيه / |
| 264 | 0 | _c2025. | |
| 300 |
_a60 pages : _billustrations ; _c25 cm. + _eCD. |
||
| 336 |
_atext _2rda content |
||
| 337 |
_aUnmediated _2rdamedia |
||
| 338 |
_avolume _2rdacarrier |
||
| 502 | _aThesis (M.Sc)-Cairo University, 2025. | ||
| 504 | _aBibliography: pages 51-58. | ||
| 520 | 3 | _aBackground: Aerobic exercise such as (walking, cycling), yoga training and light resisted exercise, breathing exercise are very important to improve health related quality of life and reduce fatigue for lung cancer patients; male and female patients with a average age (40–67). Purpose: To systemically review the effect of therapeutic exercise on lung cancer related fatigue and health related quality of life. Method: This review included lung cancer patients underwent chemotherapy, radiotherapy, surgery or others; received different types of exercise. A search of electronic database that involved; PubMed, Physical therapy Evidence Database, Google scholar and Cochrane library, the search started from January 2022 to October 2023. Fatigue was measured by Functional assessment of cancer therapy–Taxane scale. Health related quality of life was measured by European organization of cancer treatment questionnaire. Total studies were recorded by Preferred Reporting Items for Systematic review and Meta Analysis. Thirteen randomized controlled articles were assessed the inclusion criteria which were quantitives and qualitative for all studies. outcomes: The primary outcome was (fatigue) and secondary outcome was (health related quality of life). Results: outcome variables were assessed at the end of the intervention period (after– training and follow up). To compare data from different scales, pooled statistics were calculated using standardized mean differences which were computed using Review Manager program. (Means, mean change and standard deviations for intervention group and control group were used to compute SMDs, sample size to apply the forest plots for two groups for each study included in the meta–analysis. If appropriate effect size was calculated, the outcome variable was reported in ≥2 studies and action research outcome are continuous variables. Primary and secondary outcome variables were pooled across studies and analyzed using a random–effects model for data collated from all eligible studies with 95% confidence intervals. To investigate differences, the following values were used: I2=0%–30% (no heterogeneity); I2=30%–49% (moderate heterogeneity); I2 =50%–74% (substantial heterogeneity); and I2=75%–100% (considerable heterogeneity. Conclusion: From clinical evidence the therapeutic exercise had a positive effect on lung cancer related fatigue and health related quality of life. | |
| 520 | 3 | _aتهدف هذه الدراسة المنهجية الي تأثير التمارين العلاجية علي الإجهاد المرتبط بسرطان الرئة وللإجابة على هذا السؤال، بحثنا في المواقع العلمية Google,pupmed,pedro باستخدام الكلمات الأتيةTherapeutic exercise,Cancer Related fatigue, aerobicexercise,breathing exercise, light resistive exercises,systematic Review,Evidence based practice,Lung cancer balance patient قمنا بتوسيع نطاق بحثن الي شمل جميع تصميمات البحث باستثناء اراء الخبراء والدراسات التي تقيس النتائج التي لا تتعلق بنطاق هذه الدراسة وتم تلخيص البيانات من جميع الدراسات المشكلة بالتنسيق التالي الذي يتضمن المرضي المستهدفين والإعداد والإعمار وهل تم تعرضهم الإشعاع ام لا أو جراحه استئصال الرئة ام لا وتم تصميم البحث ومستوي دليل علي الدراسة ونتائج الفائدة تبعاً البحت تم ايجاد ثلاثة عشر دراسة عشوائية وادراجهم في هذه الرسالةومناقشه توضيحيه لكل الابحاث وفقا لها وجدنا تأثير ايجابي التمارين العلاجية علي الاجهاد المرتبط لمرضي سرطان الرئة وتحسن حالته وامكانيه الرجوع الي العمل وممارسته حياتهم وتحسن الحالةالنفسيةلهم. المقالات التي تم الدراسة عليها(G Arbane et al.,2011)،(Peddle Micentyre et al.,2012)،(Granger etal.,3013)،(stight etal.,2013)،(Edvardesen et al.,2015)،(cavalheri et al., 2017)،(Messagi sartor,2018)،(Lu et al.,2020) ,(lin etal.,2023). بواسطة تمارين التنفس وتمارين الاتزان والايروبيك والمشي وأكدت الدراسات على تحسن الحالات ومن الدراسات التي قاست الإجهاد لمرضي سرطان الرئة بواسطة تمارين اليوجا والايروبيك والتنفس Mohamed N.,2023) ,(linet al.,2019)،(chen et al.,2023). واكدت الدراسات على تقدم الحالات وتحسن الإجهاد المصاحب لمرضي سرطان الرئة. التوصيات أكدت الدراسات أنه لابد من ممارسه الدراسةالمنهجيةعلى أسس علميه لتحسين مهارات اخصائي العلاج الطبيعيوالاكثار من الدراسات المستقبلية لزيادة الخبرة بهذا المجال وهو تأثير التمارين العلاجية على الإجهاد المرتبط بسرطان الرئة. | |
| 530 | _aIssues also as CD. | ||
| 546 | _aText in English and abstract in Arabic & English. | ||
| 650 | 0 | _aPhysical Therapy | |
| 650 | 0 | _aالعلاج الطبيعي | |
| 653 | 1 |
_aEvidence based Practice _aFatigue _aLung Cancer _aSystematic Review _aTherapeutic Exercise |
|
| 700 | 0 |
_aKhadra Mohammed Ali _ethesis advisor. |
|
| 700 | 0 |
_aAhmed Mohammed Abd El–Fatah Amer _ethesis advisor. |
|
| 700 | 0 |
_aNada Mohamed yousef _ethesis advisor. |
|
| 900 |
_b01-01-2025 _cKhadra Mohammed Ali _cAhmed Mohammed Abd El–Fatah Amer _cNada Mohamed yousef _UCairo University _FFaculty of Physical Therapy _DDepartment of Physical Therapy for Surgery |
||
| 905 |
_aShimaa _eEman Ghareb |
||
| 942 |
_2ddc _cTH _e21 _n0 |
||
| 999 | _c178023 | ||